Central Library OPAC University of Rajshahi

Impact of livestock polices and programmes of Bangladesh Goverment on production / (Record no. 77587)

MARC details
000 -LEADER
fixed length control field 00758nam a2200229 a 4500
001 - CONTROL NUMBER
control field 77587
003 - CONTROL NUMBER IDENTIFIER
rucl marc code BD-RjUL
005 - DATE AND TIME OF LATEST TRANSACTION
control field 20211209083010.0
008 - FIXED-LENGTH DATA ELEMENTS--GENERAL INFORMATION
fixed length control field 201202s2005 bg a|||| m||| 00| 0 eng d
035 ## - SYSTEM CONTROL NUMBER
System control number (BD-RjUL)77813
040 ## - CATALOGING SOURCE
Original cataloging agency BD-RjUL
Language of cataloging eng
Modifying agency BD-RjUL
041 ## - LANGUAGE CODE
Language code of text/sound track or separate title eng
082 ## - DEWEY DECIMAL CLASSIFICATION NUMBER
Edition number 23
Classification number 636
Author mark and year CHI 2005
100 ## - MAIN ENTRY--PERSONAL NAME
Personal name Chanda, Gouranga Ch
9 (RLIN) 242226
245 ## - TITLE STATEMENT
Title Impact of livestock polices and programmes of Bangladesh Goverment on production /
Statement of responsibility, etc. By Gouranga ch. chanda
Linkage M. Zainul Abedin
260 ## - PUBLICATION, DISTRIBUTION, ETC. (IMPRINT)
Place of publication, distribution, etc. Rajshahi :
Name of publisher, distributor, etc. I.B.S. RU,
Date of publication, distribution, etc. 2005
300 ## - PHYSICAL DESCRIPTION
Pagination Xix. 194 leaves :
Illustrations ill. ;
Size 29 cm
502 ## - DISSERTATION NOTE
Dissertation note Thesis (Ph. D.) Institute of Bangladesh studies RU 2005
650 ## - SUBJECT ADDED ENTRY--TOPICAL TERM
Topical term or geographic name as entry element Animal Husbandry
9 (RLIN) 242227
700 ## - ADDED ENTRY--PERSONAL NAME
Personal name Abedin, M, Zainul
942 ## - ADDED ENTRY ELEMENTS (KOHA)
Source of classification or shelving scheme Dewey Decimal Classification
Koha item type Theses
Holdings
Lost status Source of classification or shelving scheme Damaged status Not for loan Collection code Permanent Location Current Location Shelving location Date acquired Source of acquisition Total Checkouts Full call number Date last seen Copy number Koha item type
  Dewey Decimal Classification   Not For Loan Theses Central Library, University of Rajshahi Central Library, University of Rajshahi Documentation Section 11/02/2007 Controler of Exam. RU   THE 636 CHI 2005 02/12/2020 C-1 Theses